Building and land and estates : Their acqusition and development

Bibliographic Details
Main Author: Stratton, Ian G.C
Format: Book
Published: London : Oyez Longman , 1983
Subjects:

MARC

LEADER 00000cam a2200000 7i4500
001 0000000275
005 20050628.0
020 |a 0851206964 
040 |a INS 
090 0 0 |a KD966.Z9   |b S89 1983 
100 1 |a Stratton, Ian G.C. 
245 1 0 |a Building and land and estates :   |b Their acqusition and development   |c Ian G.C.Stratton 
260 |a London :   |b Oyez Longman ,   |c 1983 
300 |a 108p ;   |c 21cm. 
650 0 0 |a Building pre fabricated   |x Law and legislation 
999 |a 0000001413   |b BOOK   |c Open Shelf   |e Default branch